000 00650nam a2200217 a 4500
999 _c1039
_d1039
001 1039
003 BD-JhCC
005 20171015120428.0
008 171014s1986 bg | ||| |||| 00| 0 ben d
035 _a(BD-JhCC) 1039
040 _aBD-JhCC
_dBD-JhCC
041 _aben
082 _a891.4409
_bROB 1986
245 _aরবীন্দ্রনাথ /
_cসৈয়দ আলী আহসান, ... (et al)
260 _aঢাকাঃ
_bবাংলা একাডেমী,
_c1986
300 _a141 p. :
_c21
650 _aBengali literature
700 _aআহসান, সৈয়দ আলী
942 _2ddc
_cBK